000 00706nam a2200265Ia 4500
003 OSt
005 20221006144038.0
006 a|||||r|||| 00| 0
007 ta
008 221006b |||||||| |||| 00| 0 eng d
020 _c
_41.25
024 _a10,731
037 _cTextual
040 _aEASL
_cEASL
_beng
041 _2eng
_aeng
082 _aW691.41.N84, N0
100 _aBRUGGER Bill
245 0 _aChina-Marxism in the post-Mao era
260 _aStanford
_bStanford University Press
_c1990
300 _a223p.
_ccm.
490 _v CEL
700 _a KELLY David
_9600899
942 _hW691.41.N84, N0
_cTEXL
_2CC
999 _c1078817
_d1078817